000
00345nam a22001337a 4500
003
SGT
020
_a
9789355622518
082
_a
891.4309
_b
G24M
100
_a
मूर्ति, सुधा
245
_a
गोपी की डायरी -4
260
_b
प्रभात प्रकाशन
_c
2024
300
_a
171
942
_2
ddc
_c
BK
999
_c
32063
_d
32063